Abuja, Nigeria (Record no. 38620)

MARC details
000 -LEADER
fixed length control field 00421nam a2200157Ia 4500
022 ## - INTERNATIONAL STANDARD SERIAL NUMBER
ISSN TP 155.5 .P76/
050 ## - CALL MARK
Classification number Process equipment and plants
245 #0 - TITLE STATEMENT
Title Abuja, Nigeria
260 ## - PUBLICATION, DISTRIBUTION, ETC. (IMPRINT)
Place of publication Louisiana State University Press.
260 ## - PUBLICATION, DISTRIBUTION, ETC. (IMPRINT)
Name of publisher 2015
260 ## - PUBLICATION, DISTRIBUTION, ETC. (IMPRINT)
Year of publication 66 p. :iil. ; 28 cm.
300 ## - PHYSICAL DESCRIPTION
Number of Pages Chemical plants--Safety measures.
650 ## - SUBJECT ADDED ENTRY--TOPICAL TERM
Topical Term SR

No items available.